Statistics for Biggest Cities in Armenia

Click here to take the quiz!

General Stats

  • This quiz has been taken 11 times
  • The average score is 11 of 20

Answer Stats

PopulationCity% Correct
1,084,000Yerevan
100%
112,400Gyumri
88%
19,000Sevan
88%
20,400Ararat
75%
77,200Vanadzor
75%
44,900Abovyan
63%
42,300Kapan
63%
27,800Armavir
50%
17,300Dilijan
50%
20,400Goris
50%
19,300Artashat
38%
17,800Artik
38%
20,400Charentsavan
38%
18,100Gavar
38%
40,000Hrazdan
38%
20,600Masis
38%
14,800Sisian
38%
46,200Vagharshapat
38%
16,800Ashtarak
25%
20,300Ijevan
25%

Score Distribution

Percentile by Number Answered

Percent of People with Each Score

Your Score History

You have not taken this quiz